00875nam a2200253 a 450000100060000000300080000600500170001400800410003102000150007203500190008704000320010604100080013808200290014624500920017526000450026730000340031250400510034665000550039765000280045265000330048065000490051365000380056270000210060065990BD-RjUL20211209081505.0170313s1990 enka b 001 0 eng c a0471926574 a(BD-RjUL)66120 aDNLM/DLCcDLCdBD-RjULbeng aeng00a596.048072223bPRE 199010aPreparations of vertebrate central nervous system in vitro /cedited by Henrik Jahnsen. aChichester ;aNew York :bWiley,cc1990. axiv, 241 p. :bill. ;c24 cm. aIncludes bibliographical references and index. 0aCentral nervous systemxHistochemistryxTechnique. 0aVertebratesxHistology. 0aVertebratesxNervous system. 2aCentral Nervous Systemxanatomy & histology. 2aVertebratesxanatomy & histology.1 aJahnsen, Henrik.